Trầm Uất Hàm Nghi : Những mẩu chuyện về vua Hàm Nghi (Truyện danh nhân)

Gespeichert in:
Bibliographische Detailangaben
1. Verfasser: Hoàng, Lại Giang
Format: Buch
Sprache:Undetermined
Veröffentlicht: Thành phố Hồ Chí Minh Văn Nghệ 2002
Schlagworte:
Tags: Tag hinzufügen
Keine Tags, Fügen Sie den ersten Tag hinzu!
Thư viện lưu trữ: Trung tâm Học liệu Trường Đại học Cần Thơ
LEADER 00666nam a2200193Ia 4500
001 CTU_226523
008 210402s9999 xx 000 0 und d
082 |a 895.9223081 
082 |b Gi106 
100 |a Hoàng, Lại Giang 
245 0 |a Trầm Uất Hàm Nghi : 
245 0 |b Những mẩu chuyện về vua Hàm Nghi (Truyện danh nhân) 
245 0 |c Hoàng Lại Giang 
260 |a Thành phố Hồ Chí Minh 
260 |b Văn Nghệ 
260 |c 2002 
650 |a Historical fiction, Vietnamese,Tiểu thuyết lịch sử Việt Nam 
910 |b vtbtruc 
980 |a Trung tâm Học liệu Trường Đại học Cần Thơ